000 00845nam a22002657a 4500
001 BR9704857
003 BR-BrBNA
005 20230928095726.0
007 ta
008 230509b bl.||||| |||| 00| 0 por d
040 _aBR-BrBNA
_bpor
_cBiblioteca Nacional de Agricultura
041 _a(Por)
072 _aE40; N01; E14
090 _ E40 BR9704857
110 1 _aConfederacao Brasileira das Cooperativas de Energia, Telefonia e Desenvolvimento Rural, Brasilia, DF (Brasil)
_92512
245 1 _aDiagnostico das cooperativas de energia, telefonia e desenvolvimento Rural
260 3 _aBrasilia, DF (Brasil):
_c1991.
300 _a69 p.
650 _aEletrificacao Rural
650 _aCooperativismo
650 _aCooperativa de Consumo
650 _aProjeto de Desenvolvimento
909 _a202309
_bLucia
_c55
_dLucia Elande
942 _cBK
999 _c58309
_d58309